000 00844nam a2200241 4500
999 _c13510
_d13510
003 MIRAKIL
005 20211214000615.0
008 190926b tu ||||| |||| 00| 0 tur d
020 _a9755200355
040 _aTR-AnCHP
_cTR-AnCHP
041 _atur
082 _aCHP 324.2561
_bÖ9t 1992
100 _aÖz, Esat
245 1 0 _aTürkiye'de tek parti yönetimi ve siyasal katılım (1923-1945)/
_cEsat Öz.
260 _aAnkara:
_bGündoğan yayınları,
_c1992.
300 _a244 s.:
_btbl.;
_c19 sm.
490 0 _aGündoğan yayınları;
_aSiyaset / sosyoloji dizisi;
_v91.43.
_v02.13.
504 _aKaynakça vardır.
610 0 _95196
_aCumhuriyet Halk Partisi (CHP)
_xTarih
_zTürkiye
650 0 _aSiyaset ve yönetim
_xTürkiye
_zTürkiye
_y1923-1945
_99
650 0 _9804
_aSiyasi partiler
_xTarih
_zTürkiye
_y1923-1945
942 _2ddc
_cBKS